Despertar revolucionario (Record no. 1531)

MARC details
000 -LEADER
campo de control de longitud fija 01000nam a2200145 4500
008 - DATOS DE LONGITUD FIJA--INFORMACIÓN GENERAL
campo de control de longitud fija 701.17 AC175d
020 ## - NÚMERO INTERNACIONAL ESTÁNDAR DEL LIBRO
Número Internacional Estándar del Libro 9786070290176
082 ## - NÚMERO DE LA CLASIFICACIÓN DECIMAL DEWEY
Número de clasificación 701.17
Número de ítem AC175d
100 ## - ENTRADA PRINCIPAL--NOMBRE DE PERSONA
Nombre de persona Acha, Juan
9 (RLIN) 5892
245 ## - MENCIÓN DEL TÍTULO
Título Despertar revolucionario
260 ## - PUBLICACIÓN, DISTRIBUCIÓN, ETC.
Lugar de publicación, distribución, etc. Ciudad de México
Nombre del editor, distribuidor, etc. Museo Universitario de Arte Contemporáneo
Fecha de publicación, distribución, etc. 2017
300 ## - DESCRIPCIÓN FÍSICA
Extensión 296 p.
Otras características físicas ill
Dimensiones 22 x 16.5 cm
505 ## - NOTA DE CONTENIDO CON FORMATO
Título Juan Acha: el agente bisagra
Mención de responsabilidad Sol Henaro
Título Revolución en la Revolución. Los escritos estético-políticos de Juan Acha
Mención de responsabilidad Joaquín Barrientos
Título Despertar revolucionario
Mención de responsabilidad Juan Acha
Título Arte y política
Mención de responsabilidad Juan Acha
Título Constelaciones
-- Intercambios aeropostales
Mención de responsabilidad Jorge Eduardo Eielson, Felipe Ehrenberg, Aracy Amaral
Título Complicidades
Mención de responsabilidad Federico Morais, Gustavo Buntinx, Rafael Hastings, Rita Eder, Carla Stellweg, Zalathiel Vargas, Marie-France Cathelat, Maris Bustamante
Título Intinerarios
-- Semblanza
-- Catálogo
-- Créditos
650 ## - PUNTO DE ACCESO ADICIONAL DE MATERIA--TÉRMINO DE MATERIA
Subdivisión general arte contemporáneo
-- arte - crítica e interpretación
-- arte - exhibiciones
-- México
-- arte - Latinoamerica
-- Estética
9 (RLIN) 6475
Holdings
Estatus retirado Estado de pérdida Fuente del sistema de clasificación o colocación Estado de daño No para préstamo Biblioteca de origen Biblioteca actual Ubicación en estantería Fecha de adquisición Total de préstamos Signatura topográfica completa Código de barras Visto por última vez Precio de reemplazo Tipo de ítem Koha
    Clasificación Decimal Dewey     Biblioteca LadoV Biblioteca LadoV   05/07/2018   701.18 AC175d 004628 05/07/2018 05/07/2018 Material 01